| 000 | 00447nam a2200181Ia 4500 | ||
|---|---|---|---|
| 001 | 17591 | ||
| 003 | IN-NITTTR | ||
| 005 | 20251114233206.0 | ||
| 008 | 251113s9999||||xx |||||||||||||| ||eng|| | ||
| 040 | _beng | ||
| 040 | _cIN-NITTTR | ||
| 041 | _aeng | ||
| 082 | _a006.33 S97P | ||
| 100 | _aSawyer, Brian | ||
| 245 | 0 |
_aProgramming expert systems in Modula-2 / _cSawyer, Brian, Foster, Dennis |
|
| 700 | _a Foster, Dennis | ||
| 942 |
_2ddc _cBK |
||
| 999 |
_c20225 _d20225 |
||